[Event "FRA-ch op-C"]
[Site "Caen"]
[Date "2011.08.16"]
[Round "1"]
[White "Au Quang, Tien"]
[Black "Stojanovic, Vojislav"]
[Result "0-1"]
[WhiteElo "1627"]
[BlackElo "1781"]
[PlyCount "68"]
[EventDate "2011.08.16"]
[EventType "swiss"]
[EventRounds "11"]
[EventCountry "FRA"]
[SourceTitle "EXT 2012"]
[Source "ChessBase"]
[SourceDate "2011.11.24"]
[SourceVersion "1"]
[SourceVersionDate "2011.11.24"]
[SourceQuality "1"]

1. e4 c6 2. d4 d5 3. Nc3 dxe4 4. Nxe4 Nd7 5. Bc4 Ndf6 6. Nxf6+ Nxf6 7. Ne2 Bg4 8. 0-0 e6 9. f3 Bh5 10. Nf4 Bd6 11. Nxh5 Nxh5 12. f4 Qh4 13. Qf3 Nf6 14. g3 Qh3 15. Rf2 0-0 16. Bf1 Qf5 17. Bd3 Qa5 18. Bd2 Qc7 19. Re1 Qb6 20. Bc3 c5 21. b3 cxd4 22. Bd2 Rad8 23. g4 g6 24. Qh3 Qc7 25. Ref1 Qc6 26. f5 exf5 27. Rxf5 Ne4 28. Rxf7 Rxf7 29. Rxf7 Kxf7 30. Qf3+ Nf6 31. Bc4+ Kg7 32. Qh3 Ng8 33. Qf1 Rf8 34. Qe2 Qf3 0-1

[Event "Le Mans op"]
[Site "Le Mans "]
[Date "2001.12.27"]
[Round "3"]
[White "Au Quang, Tien"]
[Black "Rouillon, Fabien"]
[Result "1-0"]
[WhiteElo "1700"]
[BlackElo "1430"]
[PlyCount "91"]
[EventDate "2001.12.26"]
[EventType "swiss"]
[EventRounds "9"]
[EventCountry "FRA"]
[SourceTitle "EXT 2008"]
[Source "ChessBase"]
[SourceDate "2007.11.25"]
[SourceVersion "1"]
[SourceVersionDate "2007.11.25"]
[SourceQuality "1"]

1. e4 e6 2. d4 d5 3. Nc3 Bb4 4. Nge2 Ne7 5. a3 Ba5 6. b4 Bb6 7. Na4 Nd7 8. exd5 Nxd5 9. c4 a6 10. cxd5 exd5 11. Nxb6 Nxb6 12. Nc3 0-0 13. Be2 Re8 14. 0-0 Bf5 15. Bd3 Bxd3 16. Qxd3 c6 17. Qg3 Re6 18. f4 Qf6 19. Qf2 Rd8 20. Bd2 Nc4 21. Na4 Re2 22. Rfe1 Rxe1+ 23. Bxe1 h6 24. Bc3 Re8 25. Re1 Rxe1+ 26. Bxe1 Nxa3 27. Nc5 Nb5 28. Nxb7 Nxd4 29. Nc5 Nb5 30. Nxa6 Nd6 31. g3 d4 32. Qc2 Nf5 33. Bd2 g6 34. Nb8 Ne7 35. Qc5 d3 36. Qe5 Qxe5 37. fxe5 Kg7 38. Kf2 f6 39. exf6+ Kxf6 40. Ke3 h5 41. Kxd3 Ke6 42. Kd4 Kd6 43. Bf4+ Ke6 44. Kc5 Kf5 45. Nxc6 Nxc6 46. Kxc6 1-0